Ir para o conteúdo

Гражданское право В 2 томах Том 1

В первом томе учебника подготовленного в соответствии с учебной программой по дисциплине «Гражданское право» для образовательных учреждений высшего образования рассматриваются вопросы общей части (основные положения правоотношение лица объекты гражданских прав сделки решения собраний представительст...

ver descrição completa

Na minha lista:
Detalhes bibliográficos
Autor principal: Карпычев М. В.
Formato: Учебник
Edição:1
Colecção:Высшее образование
Acesso em linha:https://znanium.com/catalog/document?id=350367
https://znanium.com/cover/1066/1066009.jpg
Tags: Adicionar Tag
Sem tags, seja o primeiro a adicionar uma tag!
LEADER 03314nam0a2200397 i 4500
001 RU\infra-m\znanium\bibl\1066009
003 https://znanium.com/catalog/document?id=350367
005 20241210000000.0
010 |a 978-5-8199-0857-0 
010 |a 978-5-16-107213-4  |b электр. издание 
010 |a 978-5-16-014707-9  |b ISBN соиздателя 
100 |a 20241210d2019 m y0rusy0150 ca 
101 0 |a rus 
102 |a RU 
200 1 |a Гражданское право  |e В 2 томах Том 1  |e Учебник  |f Нижегородская академия Министерства внутренних дел Российской Федерации 
205 |a 1 
210 1 |a Москва  |c Издательский Дом "ФОРУМ"  |d 2020 
215 |a 400 с. 
225 1 |a Высшее образование 
330 |a В первом томе учебника подготовленного в соответствии с учебной программой по дисциплине «Гражданское право» для образовательных учреждений высшего образования рассматриваются вопросы общей части (основные положения правоотношение лица объекты гражданских прав сделки решения собраний представительство сроки и исковая давность) и ряда подотраслей и институтов гражданского права России (вещного личных неимущественных прав общих положений обязательственного права). Для студентов курсантов преподавателей аспирантов адъюнктов и всех интересующихся вопросами современного гражданского права. нормативный материал приведен по состоянию на 1 марта 2016 года. 
333 |a ВО - Бакалавриат 
606 |a Право. Юридические науки  |x Гражданское право  |2 local 
608 |a Учебник  |2 local 
675 |a 347(075.8)  |z rus 
686 |a 67.404я73  |2 rubbk 
686 |a 40.03.01  |2 okso 
686 |a 40.05.01  |2 okso 
686 |a 40.05.02  |2 okso 
686 |a 40.05.03  |2 okso 
686 |a 40.05.04  |2 okso 
686 |a 41.03.06  |2 okso 
700 1 |a Карпычев  |b М. В.  |g Михаил Владимирович  |p Нижегородская академия Министерства внутренних дел Российской Федерации 
702 1 |a Хужин  |b А.М.  |g Альфир Мисхатович  |p Нижегородская академия Министерства внутренних дел Российской Федерации  |r Под общ. ред. 
801 0 |a RU  |b Общество с ограниченной ответственностью «ЗНАНИУМ»  |c 20191007  |2 rusmarc 
856 4 |a znanium.com  |m ebs_support@infra-m.ru  |n НИЦ ИНФРА-М  |u https://znanium.com/catalog/document?id=350367 
856 4 1 |a znanium.com  |d /cover/1066  |f 1066009.jpg  |q image/jpeg  |u https://znanium.com/cover/1066/1066009.jpg